[Event "V Weekend Vittorio Alfieri A"]
[Site "Asti ITA"]
[Date "2010.04.16"]
[Round "1"]
[White "Venturino, Federico"]
[Black "Omeri, Silvan"]
[Result "0-1"]
[WhiteElo "1884"]
[BlackElo "2227"]
[PlyCount "145"]
[EventDate "2010.04.16"]

1. d4 Nf6 2. Nf3 e6 3. c4 c5 4. d5 exd5 5. cxd5 d6 6. Nc3 g6 7. g3 Bg7 8. Bg2
O-O 9. O-O Re8 10. Re1 Ne4 11. Nxe4 Rxe4 12. Qc2 Bf5 13. Ng5 Re8 14. e4 Na6 15.
a3 Nc7 16. Bf4 Bc8 17. Rac1 Nb5 18. Nf3 Bg4 19. a4 Bxf3 20. axb5 Bxg2 21. Kxg2
h6 22. b3 a6 23. bxa6 Rxa6 24. b4 cxb4 25. Bd2 Qa5 26. Qc4 Rb6 27. Re3 Qb5 28.
Qxb5 Rxb5 29. Rb1 b3 30. Rbxb3 Rxb3 31. Rxb3 Rxe4 32. Rxb7 Rd4 33. Bf4 Rxd5 34.
Rd7 Bf8 35. Rd8 g5 36. Bc1 Rd1 37. Be3 Kg7 38. h4 Be7 39. Rd7 Bf6 40. hxg5 hxg5
41. Bc5 d5 42. Be7 g4 43. Bxf6+ Kxf6 44. Ra7 Ke6 45. Ra2 Ke5 46. f3 gxf3+ 47.
Kxf3 Rd3+ 48. Kf2 Kf5 49. Ra8 f6 50. Rf8 Ra3 51. Rd8 Ke5 52. Re8+ Kd4 53. Rf8
Ra6 54. Ke2 Re6+ 55. Kd2 Ke4 56. Ke2 d4 57. Rd8 Ra6 58. Re8+ Kf5 59. g4+ Kf4
60. Kd2 Ra2+ 61. Kd3 Ra3+ 62. Kxd4 Kxg4 63. Rf8 f5 64. Ke5 Re3+ 65. Kd4 Re7 66.
Rg8+ Kf3 67. Rf8 f4 68. Rd8 Kg3 69. Kd3 f3 70. Ra8 Kg2 71. Rg8+ Kf1 72. Rg6 f2
73. Kd2 0-1

[Event "V Weekend Vittorio Alfieri A"]
[Site "Asti ITA"]
[Date "2010.04.17"]
[Round "2"]
[White "Almonti, Alessandro"]
[Black "Damia, Angelo"]
[Result "0-1"]
[WhiteElo "2038"]
[BlackElo "2284"]
[PlyCount "82"]
[EventDate "2010.04.16"]

1. Nf3 g6 2. e4 Bg7 3. g3 Nf6 4. d3 d5 5. Nbd2 c6 6. Bg2 O-O 7. O-O Bg4 8. h3
Bxf3 9. Qxf3 Nbd7 10. Qe2 Qb6 11. Nb3 a5 12. a4 Qc7 13. Bd2 b6 14. Rae1 e6 15.
e5 Ne8 16. Bf4 Qd8 17. h4 Nc7 18. Nd4 c5 19. Nf3 Rc8 20. c4 Nb8 21. h5 Nc6 22.
Rd1 Qd7 23. Bh3 Ne7 24. Kg2 Qxa4 25. Rh1 Rcd8 26. b3 Qc6 27. Kg1 dxc4 28. dxc4
Nf5 29. Bg2 Qe8 30. hxg6 fxg6 31. g4 Nd4 32. Nxd4 Rxf4 33. Nc6 Rxd1+ 34. Qxd1
Rf7 35. Qe2 Rd7 36. g5 Qf7 37. Qe3 Qf5 38. Kh2 Bf8 39. Be4 Qf7 40. Kg2 Ne8 41.
Rh3 Ng7 0-1

[Event "V Weekend Vittorio Alfieri A"]
[Site "Asti ITA"]
[Date "2010.04.17"]
[Round "2"]
[White "Badano, Giancarlo"]
[Black "Bannon, Senan M.W."]
[Result "1-0"]
[WhiteElo "1950"]
[BlackElo "1869"]
[PlyCount "69"]
[EventDate "2010.04.16"]

1. e4 c5 2. Nc3 d6 3. g3 Nc6 4. Bg2 e5 5. d3 Nf6 6. f4 Be7 7. Nf3 O-O 8. O-O
Rb8 9. h3 b5 10. g4 Nxg4 11. hxg4 Bxg4 12. f5 g6 13. Bh6 gxf5 14. Bxf8 Qxf8 15.
Qd2 f4 16. Nd5 h5 17. Kf2 Qd8 18. Nxe7+ Qxe7 19. Rh1 Kg7 20. Rag1 Kf6 21. Nh4
Rh8 22. Bf3 Bxf3 23. Kxf3 Nd4+ 24. Kf2 b4 25. c3 bxc3 26. bxc3 Ne6 27. Nf5 Qc7
28. Rb1 Qc6 29. c4 Ng5 30. Qe2 f3 31. Qb2 Ne6 32. Kxf3 Nd4+ 33. Nxd4 exd4 34.
Rbg1 h4 35. Qd2 1-0

[Event "V Weekend Vittorio Alfieri A"]
[Site "Asti ITA"]
[Date "2010.04.17"]
[Round "2"]
[White "Battistelli, Alessandro"]
[Black "Monticone, Sonia"]
[Result "1/2-1/2"]
[WhiteElo "1930"]
[BlackElo "1817"]
[PlyCount "146"]
[EventDate "2010.04.16"]

1. d4 d5 2. c4 e6 3. Nc3 Nf6 4. Nf3 Be7 5. Bf4 c6 6. e3 Nbd7 7. Qc2 a6 8. a4 c5
9. Be2 O-O 10. O-O b6 11. Rfd1 Bb7 12. cxd5 Nxd5 13. Nxd5 exd5 14. Rac1 c4 15.
Nd2 Nf6 16. Bf3 Re8 17. Nxc4 Rc8 18. Qe2 Bc6 19. Nd2 Bxa4 20. b3 Bb5 21. Qe1
Qd7 22. Bg5 Qf5 23. Bxf6 Bxf6 24. Be2 Qd7 25. Bxb5 Qxb5 26. Qf1 Qxf1+ 27. Kxf1
Kf8 28. Nb1 Be7 29. Ke2 Bb4 30. Kd3 Ke7 31. Nc3 Bxc3 32. Rxc3 Rxc3+ 33. Kxc3
Rc8+ 34. Kd3 b5 35. Ra1 Rc6 36. f3 f5 37. Ra2 Kd7 38. e4 fxe4+ 39. fxe4 dxe4+
40. Kxe4 Re6+ 41. Kd5 Rd6+ 42. Kc5 Rc6+ 43. Kb4 Kd6 44. Rf2 Ke6 45. Re2+ Kd6
46. g4 g5 47. Re5 h6 48. Rf5 Ke7 49. d5 Rc2 50. h3 Rh2 51. Re5+ Kd6 52. Re6+
Kxd5 53. Rxh6 Ke5 54. Ka5 Ra2+ 55. Kb4 Rh2 56. Rxa6 Rxh3 57. Rb6 Rg3 58. Rxb5+
Kf6 59. Kc5 Rxg4 60. b4 Re4 61. Rb8 Kf5 62. b5 Re5+ 63. Kc6 Kf4 64. Rf8+ Kg3
65. b6 Re7 66. b7 Rxb7 67. Kxb7 g4 68. Kc6 Kh3 69. Rh8+ Kg3 70. Kd5 Kf3 71.
Rf8+ Ke3 72. Ke5 g3 73. Rb8 g2 1/2-1/2

[Event "V Weekend Vittorio Alfieri A"]
[Site "Asti ITA"]
[Date "2010.04.17"]
[Round "2"]
[White "De Francisci, Luigi"]
[Black "Bisi, Samuele"]
[Result "0-1"]
[WhiteElo "1914"]
[BlackElo "1786"]
[PlyCount "38"]
[EventDate "2010.04.16"]

1. d4 Nf6 2. Nc3 d5 3. e4 dxe4 4. f3 exf3 5. Nxf3 Bg4 6. Bc4 e6 7. O-O Be7 8.
Ne2 c5 9. c3 O-O 10. Qe1 Nc6 11. Qh4 Bf5 12. dxc5 Ne4 13. Qe1 Bxc5+ 14. Kh1 Qb6
15. h3 Rad8 16. b4 Bf2 17. Rxf2 Nxf2+ 18. Kh2 Rd1 19. Be3 Rxe1 0-1

[Event "V Weekend Vittorio Alfieri A"]
[Site "Asti ITA"]
[Date "2010.04.17"]
[Round "2"]
[White "Di Chiara, Mauro"]
[Black "Forno, Roberto"]
[Result "1-0"]
[WhiteElo "1868"]
[BlackElo "1923"]
[PlyCount "123"]
[EventDate "2010.04.16"]

1. d4 d5 2. Nf3 Nf6 3. c4 e6 4. Nc3 c6 5. cxd5 exd5 6. Bg5 h6 7. Bh4 Bb4 8. a3
Bxc3+ 9. bxc3 Qa5 10. Qb3 Ne4 11. Qb4 Qc7 12. e3 a5 13. Qb2 Bf5 14. Be2 Nd7 15.
Nd2 g5 16. Bg3 Nxg3 17. hxg3 Nf6 18. c4 O-O-O 19. cxd5 Rxd5 20. O-O Re8 21. Nc4
Rb5 22. Nd6+ Qxd6 23. Bxb5 cxb5 24. Rfc1+ Kd8 25. Qxb5 Be4 26. Qxa5+ b6 27. Qa6
Ke7 28. Rc8 Rxc8 29. Qxc8 Bc6 30. Rc1 Bd7 31. Qc3 h5 32. Qd3 h4 33. gxh4 gxh4
34. Qc3 Nd5 35. Qc2 f5 36. e4 Nf4 37. exf5 Qd5 38. Re1+ Kf6 39. Qe4 Qxe4 40.
Rxe4 Kxf5 41. Re7 Bc6 42. f3 h3 43. Rf7+ Kg5 44. gxh3 Bxf3 45. Kf2 Bd5 46. h4+
Kg4 47. Rf6 b5 48. Ke3 Ng2+ 49. Kd3 Nxh4 50. Rb6 Bc4+ 51. Ke4 Nf3 52. Rg6+ Ng5+
53. Ke5 Bd3 54. Rg7 Kh5 55. d5 Kh6 56. Rc7 Kg6 57. d6 Nf7+ 58. Ke6 Bf5+ 59. Ke7
Ne5 60. Rc5 Nf7 61. Rxf5 Nxd6 62. Rf6+ 1-0

[Event "V Weekend Vittorio Alfieri A"]
[Site "Asti ITA"]
[Date "2010.04.17"]
[Round "2"]
[White "Finocchiaro, Gianluca"]
[Black "Mrdja, Milan"]
[Result "0-1"]
[WhiteElo "2097"]
[BlackElo "2376"]
[PlyCount "96"]
[EventDate "2010.04.16"]

1. e4 Nf6 2. Nc3 d5 3. exd5 Nxd5 4. d4 Nxc3 5. bxc3 g6 6. Nf3 Bg7 7. Bc4 O-O 8.
O-O c5 9. Rb1 Qc7 10. Bd3 Nd7 11. Qe2 e6 12. Be3 Nb6 13. c4 Na4 14. Qd2 cxd4
15. Nxd4 Bd7 16. Qb4 b6 17. Nb5 Bxb5 18. cxb5 Nc3 19. Rb3 Rac8 20. a4 Rfd8 21.
Qh4 Rd7 22. Rb4 Qd6 23. Rc4 Rxc4 24. Qxc4 Rc7 25. Qh4 Rc8 26. a5 Nd5 27. axb6
axb6 28. Bd2 h5 29. Qa4 Bc3 30. Bxc3 Nxc3 31. Qa6 Rc5 32. Ra1 Kg7 33. Re1 e5
34. g3 Nd5 35. Bf1 Nc7 36. Qa4 Ne6 37. c4 Nd4 38. Rd1 Qe6 39. Qa1 h4 40. Qc3
Nxb5 41. Qf3 Nd4 42. Qe4 Qf6 43. f4 hxg3 44. hxg3 Ne6 45. Rd6 exf4 46. gxf4 Rf5
47. Rxb6 Rxf4 48. Qb1 Qd4+ 0-1

[Event "V Weekend Vittorio Alfieri A"]
[Site "Asti ITA"]
[Date "2010.04.17"]
[Round "2"]
[White "Manni, Stefano"]
[Black "Del Noce, Roberto"]
[Result "1-0"]
[WhiteElo "1961"]
[BlackElo "1851"]
[PlyCount "61"]
[EventDate "2010.04.16"]

1. d4 d5 2. Nf3 Nf6 3. e3 Bf5 4. Bd3 e6 5. O-O Nbd7 6. Bxf5 exf5 7. c4 dxc4 8.
Qc2 Ne4 9. Nbd2 Ndf6 10. Qxc4 Qd5 11. Qxc7 Bd6 12. Qc4 Qa5 13. Nxe4 fxe4 14.
Bd2 Qh5 15. Ne5 O-O 16. Bc3 Rac8 17. Qa4 Rfe8 18. Qxa7 g5 19. Qxb7 Rxc3 20.
bxc3 Rxe5 21. dxe5 Bxe5 22. Qc8+ Kg7 23. Qh3 Qe2 24. Rfe1 Qd2 25. Qf5 Bxc3 26.
Qxg5+ Kf8 27. Rad1 Qb2 28. Rb1 Qd2 29. Qc5+ Kg7 30. Red1 Qe2 31. Qxc3 1-0

[Event "V Weekend Vittorio Alfieri A"]
[Site "Asti ITA"]
[Date "2010.04.17"]
[Round "2"]
[White "Omeri, Silvan"]
[Black "Giudici, Alberto"]
[Result "1/2-1/2"]
[WhiteElo "2227"]
[BlackElo "1988"]
[PlyCount "64"]
[EventDate "2010.04.16"]

1. Nf3 Nf6 2. g3 g6 3. Bg2 Bg7 4. O-O O-O 5. c4 c5 6. Nc3 Nc6 7. b3 d6 8. Bb2
a6 9. a3 Rb8 10. d4 cxd4 11. Nxd4 Nxd4 12. Qxd4 Nd7 13. Qd2 Nc5 14. Qc2 b5 15.
cxb5 axb5 16. b4 Nd7 17. Nd5 Bxb2 18. Qxb2 Nb6 19. Nxb6 Qxb6 20. Rac1 Bb7 21.
Bxb7 Qxb7 22. Qd4 Rfc8 23. Qe3 e6 24. Qd4 Qa6 25. Qd3 Ra8 26. Rfd1 d5 27. Rc5
Rxc5 28. bxc5 Qxa3 29. Qxb5 Rc8 30. c6 Qc3 31. e3 Qxc6 32. Qe2 Qc2 1/2-1/2

[Event "V Weekend Vittorio Alfieri A"]
[Site "Asti ITA"]
[Date "2010.04.17"]
[Round "2"]
[White "Piantadosi, Angelo"]
[Black "Gamba, Ezio"]
[Result "0-1"]
[WhiteElo "1966"]
[BlackElo "1868"]
[PlyCount "126"]
[EventDate "2010.04.16"]

1. e4 c5 2. Nc3 Nc6 3. d3 g6 4. g3 Bg7 5. Bg2 d6 6. f4 Nf6 7. Nf3 Bg4 8. h3 Bd7
9. Be3 Qb6 10. Bd2 Nh5 11. Nd5 Qd8 12. g4 e6 13. gxh5 exd5 14. exd5 Nd4 15. c3
Nxf3+ 16. Qxf3 Qh4+ 17. Kf1 O-O-O 18. Be1 Qf6 19. d4 cxd4 20. cxd4 Bb5+ 21. Kg1
Qxd4+ 22. Qf2 Qxb2 23. Qxb2 Bxb2 24. Rb1 Bd4+ 25. Bf2 Bxf2+ 26. Kxf2 Bd3 27.
Rbc1+ Kb8 28. Rc3 Bf5 29. h6 Rc8 30. Rhc1 Rxc3 31. Rxc3 Re8 32. h4 Bg4 33. Bf3
Bd7 34. Bg2 a6 35. a3 b5 36. Bf3 Kb7 37. Rb3 Kb6 38. a4 Ka5 39. axb5 axb5 40.
Ra3+ Kb4 41. Ra7 Rd8 42. Rb7 Be8 43. h5 Rd7 44. Rb8 Re7 45. hxg6 fxg6 46. Kg3
Kc5 47. Rc8+ Kd4 48. Rd8 Bd7 49. Rb8 Rf7 50. Be2 Kxd5 51. Bxb5 Bxb5 52. Rxb5+
Kc4 53. Rb1 d5 54. Kf3 g5 55. Rc1+ Kb5 56. Rb1+ Kc6 57. Rb4 Kc5 58. Ra4 gxf4
59. Rxf4 Rd7 60. Rg4 Rd6 61. Rh4 d4 62. Kf4 d3 63. Kg5 d2 0-1

[Event "V Weekend Vittorio Alfieri A"]
[Site "Asti ITA"]
[Date "2010.04.17"]
[Round "2"]
[White "Porzio, Massimo"]
[Black "Venturino, Federico"]
[Result "1-0"]
[WhiteElo "1847"]
[BlackElo "1884"]
[PlyCount "59"]
[EventDate "2010.04.16"]

1. e4 c5 2. Nf3 e6 3. d4 cxd4 4. Nxd4 Nf6 5. Nc3 Nc6 6. Ndb5 Bb4 7. a3 Bxc3+ 8.
Nxc3 h6 9. Be2 d5 10. exd5 exd5 11. Bf3 Be6 12. O-O O-O 13. Bf4 a6 14. Qd3 Qd7
15. Rad1 Rad8 16. Rfe1 Bf5 17. Qd2 Be6 18. Bg3 Kh8 19. Bh4 g5 20. Bg3 Kh7 21.
h4 g4 22. Be2 Nh5 23. Bf4 Nxf4 24. Qxf4 Ne7 25. Ne4 Qc8 26. Nf6+ Kg7 27. Qe5
Nf5 28. Bxg4 Qb8 29. Nh5+ Kg8 30. Qf6 1-0

[Event "V Weekend Vittorio Alfieri A"]
[Site "Asti ITA"]
[Date "2010.04.17"]
[Round "2"]
[White "Quirico, Paolo"]
[Black "Barbero, Marco"]
[Result "1-0"]
[WhiteElo "2167"]
[BlackElo "1717"]
[PlyCount "129"]
[EventDate "2010.04.16"]

1. d4 d5 2. Nf3 Nf6 3. g3 Bf5 4. Bg2 c6 5. O-O g6 6. c4 Bg7 7. Nc3 O-O 8. Qb3
Bc8 9. Rd1 dxc4 10. Qxc4 Nbd7 11. e4 Nb6 12. Qe2 Bg4 13. h3 Be6 14. b3 h6 15.
Be3 Qc8 16. Kh2 Rd8 17. Rac1 Qd7 18. Ne5 Qe8 19. Nd3 Nfd7 20. Nf4 Nf8 21. Nxe6
Nxe6 22. d5 Nf8 23. dxc6 Rxd1 24. Qxd1 bxc6 25. Qc2 Ne6 26. Ne2 Rc8 27. b4 Qd8
28. Rd1 Qc7 29. h4 g5 30. hxg5 hxg5 31. Bh3 Qe5 32. Nd4 Qf6 33. Nxe6 fxe6 34.
Qb3 Kf7 35. Bd4 Qg6 36. Bxe6+ Qxe6 37. Qxe6+ Kxe6 38. Bxg7 Rg8 39. Bc3 Rf8 40.
Kg2 g4 41. Rd3 Nc4 42. f4 gxf3+ 43. Rxf3 Rd8 44. g4 Ne5 45. Rg3 Ng6 46. Kf2 Rd1
47. Ke2 Rh1 48. a4 Rh2+ 49. Ke3 Ra2 50. a5 Ra3 51. Kd2 Ra2+ 52. Kd3 Ne5+ 53.
Bxe5 Kxe5 54. Kc4 Rc2+ 55. Kb3 Re2 56. g5 Kf4 57. g6 Kxg3 58. g7 Rxe4 59. g8=Q+
Kf4 60. Qa8 Re3+ 61. Kc2 e5 62. Qxa7 Re2+ 63. Kd1 Rb2 64. Qc5 Rb1+ 65. Kc2 1-0

[Event "V Weekend Vittorio Alfieri A"]
[Site "Asti ITA"]
[Date "2010.04.17"]
[Round "2"]
[White "Ronzano, Luca"]
[Black "Massironi, Marco"]
[Result "0-1"]
[WhiteElo "1995"]
[BlackElo "2148"]
[PlyCount "46"]
[EventDate "2010.04.16"]

1. e4 c5 2. b3 Nc6 3. Bb2 d6 4. Bb5 Bd7 5. Bxc6 Bxc6 6. Qe2 Nf6 7. Nc3 e5 8. a4
Be7 9. f4 exf4 10. Nh3 O-O 11. O-O Qd7 12. Nxf4 Rae8 13. Nh5 Nxh5 14. Qxh5 Qe6
15. Rf4 Bf6 16. d3 Bd4+ 17. Kh1 Qg6 18. Qxg6 hxg6 19. Raf1 f5 20. Nd1 fxe4 21.
Rxf8+ Rxf8 22. Rxf8+ Kxf8 23. c3 e3 0-1

[Event "V Weekend Vittorio Alfieri A"]
[Site "Asti ITA"]
[Date "2010.04.17"]
[Round "2"]
[White "Roversi, Stefano"]
[Black "Fossati, Remigio"]
[Result "0-1"]
[WhiteElo "1806"]
[BlackElo "2201"]
[PlyCount "80"]
[EventDate "2010.04.16"]

1. e4 c5 2. Nf3 e6 3. g3 b6 4. Bg2 Bb7 5. Nc3 d6 6. O-O Be7 7. d4 cxd4 8. Nxd4
a6 9. Qg4 Nd7 10. Be3 Qc7 11. Qxg7 Bf6 12. Qg4 h5 13. Nxe6 Qxc3 14. bxc3 hxg4
15. Nc7+ Kd8 16. Nxa8 Bxa8 17. Bd4 Kc7 18. f3 gxf3 19. Bxf3 Be5 20. Rab1 Ngf6
21. Bg2 Re8 22. Bh3 Re7 23. Bxe5 dxe5 24. Bxd7 Nxd7 25. Rb4 Nc5 26. Rf6 Bc6 27.
a4 a5 28. Rb1 Nxe4 29. Rh6 Nd2 30. Rd1 Nf3+ 31. Kf2 e4 32. Ke3 Ne5 33. Rh8 Nc4+
34. Kf4 e3 35. h4 e2 36. Re1 Nd2 37. Rh6 Re4+ 38. Kf5 Bd7+ 39. Kf6 Be6 40. h5
Nf3 0-1

[Event "V Weekend Vittorio Alfieri A"]
[Site "Asti ITA"]
[Date "2010.04.17"]
[Round "2"]
[White "Salvador, Roland"]
[Black "Astengo, Marcello"]
[Result "1-0"]
[WhiteElo "2483"]
[BlackElo "2104"]
[PlyCount "63"]
[EventDate "2010.04.16"]

1. d4 d5 2. Nf3 c5 3. e3 Nc6 4. c4 e6 5. b3 Nf6 6. Bb2 cxd4 7. exd4 Bb4+ 8.
Nbd2 Ne4 9. a3 Nxd2 10. Nxd2 Be7 11. c5 Bf6 12. Nf3 O-O 13. Be2 b6 14. Rc1 Bb7
15. b4 bxc5 16. Rxc5 Qb6 17. O-O Rac8 18. Qd2 Be7 19. Bd3 e5 20. Rb5 Qc7 21.
dxe5 Rcd8 22. Qc2 g6 23. Rc1 Ba8 24. e6 Qf4 25. exf7+ Rxf7 26. Qb3 d4 27. Bc4
Rdf8 28. Re1 Kg7 29. Bxf7 Rxf7 30. Qc4 Kf8 31. Bxd4 Nxd4 32. Qxd4 1-0

[Event "V Weekend Vittorio Alfieri A"]
[Site "Asti ITA"]
[Date "2010.04.17"]
[Round "2"]
[White "Venturino, Marco"]
[Black "Naumkin, Igor"]
[Result "1/2-1/2"]
[WhiteElo "2139"]
[BlackElo "2496"]
[PlyCount "56"]
[EventDate "2010.04.16"]

1. d4 e6 2. c4 Nf6 3. g3 d5 4. Bg2 dxc4 5. Nf3 Nbd7 6. Qa4 c5 7. O-O a6 8. Nc3
cxd4 9. Nxd4 Bc5 10. Qxc4 O-O 11. a4 Qe7 12. Nb3 Ba7 13. Bf4 h6 14. Qd3 e5 15.
Be3 Bxe3 16. Qxe3 Re8 17. Rfd1 Qb4 18. Ra3 Qg4 19. a5 Qh5 20. Qf3 Qg6 21. Ne4
Nxe4 22. Qxe4 Qxe4 23. Bxe4 Rb8 24. Rd6 Nf6 25. Bg2 Bg4 26. f3 Be6 27. Nc5 Bc4
28. Kf2 Rbc8 1/2-1/2

[Event "V Weekend Vittorio Alfieri A"]
[Site "Asti ITA"]
[Date "2010.04.17"]
[Round "2"]
[White "Vuelban, Virgilio"]
[Black "Grattarola, Fabio"]
[Result "1-0"]
[WhiteElo "2346"]
[BlackElo "2071"]
[PlyCount "109"]
[EventDate "2010.04.16"]

1. e4 d5 2. exd5 Qxd5 3. Nc3 Qa5 4. Bc4 Nf6 5. d3 c6 6. Bd2 Qc7 7. Nf3 Bf5 8.
Qe2 Nbd7 9. h3 Nb6 10. Bb3 Rd8 11. Ne5 e6 12. g4 Bg6 13. h4 Nfd5 14. h5 f6 15.
hxg6 Qxe5 16. Qxe5 fxe5 17. Rxh7 Rg8 18. Ne4 Be7 19. Ng5 Bxg5 20. Bxg5 Rc8 21.
O-O-O Kd7 22. c4 Ne7 23. d4 e4 24. Re1 Rcf8 25. Rh2 Nxg6 26. Rxe4 Rh8 27. Rxh8
Rxh8 28. a4 Rh3 29. Kc2 Rf3 30. Be3 Nc8 31. c5 Nf8 32. Bc4 Ne7 33. Be2 Rh3 34.
Bf4 Nd5 35. Bg3 g5 36. Re5 Nh7 37. Bc4 Rh6 38. Bd3 Nb4+ 39. Kd2 Nxd3 40. Kxd3
Rg6 41. Re1 Rh6 42. Be5 Ke7 43. Ke4 Nf6+ 44. Bxf6+ Kxf6 45. Re3 Rh4 46. Rf3+
Ke7 47. Rb3 Rxg4+ 48. Ke5 Rf4 49. Rxb7+ Kd8 50. Rxa7 Rf5+ 51. Kd6 Rd5+ 52. Kxc6
Rxd4 53. a5 Rd2 54. a6 Rxb2 55. Rb7 1-0

[Event "V Weekend Vittorio Alfieri A"]
[Site "Asti ITA"]
[Date "2010.04.17"]
[Round "3"]
[White "Bannon, Senan M.W."]
[Black "Venturino, Federico"]
[Result "1/2-1/2"]
[WhiteElo "1869"]
[BlackElo "1884"]
[PlyCount "57"]
[EventDate "2010.04.16"]

1. e4 c5 2. c4 Nc6 3. Nc3 e6 4. g3 g6 5. Bg2 Bg7 6. Nge2 Nge7 7. O-O O-O 8. d3
a6 9. a4 b6 10. Be3 Rb8 11. d4 cxd4 12. Nxd4 Qc7 13. Rc1 Na5 14. Nd5 exd5 15.
cxd5 Qd8 16. f4 Bb7 17. b4 Nxd5 18. exd5 Qe7 19. Qe1 Bxd4 20. Bxd4 Qxe1 21.
Rfxe1 Nb3 22. Rcd1 Nxd4 23. Rxd4 Rbc8 24. d6 Bxg2 25. Kxg2 Rc2+ 26. Kh3 Rd8 27.
Ree4 Ra2 28. b5 axb5 29. axb5 1/2-1/2

[Event "V Weekend Vittorio Alfieri A"]
[Site "Asti ITA"]
[Date "2010.04.17"]
[Round "3"]
[White "Barbero, Marco"]
[Black "Badano, Giancarlo"]
[Result "1-0"]
[WhiteElo "1717"]
[BlackElo "1950"]
[PlyCount "71"]
[EventDate "2010.04.16"]

1. e4 e6 2. d4 d5 3. Nd2 dxe4 4. Nxe4 Nd7 5. Nf3 Ngf6 6. Nxf6+ Nxf6 7. Ne5 Be7
8. c3 O-O 9. Bd3 c5 10. Be3 cxd4 11. Bxd4 Qd5 12. O-O b6 13. c4 Qd6 14. Qf3 Bd7
15. Rad1 Qc7 16. Nxd7 Nxd7 17. Bxh7+ Kxh7 18. Qh5+ Kg8 19. Bxg7 Kxg7 20. Qg4+
Kf6 21. Qh4+ Kg6 22. Qxe7 Qxc4 23. Rc1 Qb5 24. Rc3 Qd5 25. Rg3+ Kh5 26. Rh3+
Kg6 27. Qh4 f5 28. Qe7 Nf6 29. Rg3+ Ng4 30. h3 Qxa2 31. hxg4 f4 32. Rh3 Rae8
33. Qh7+ Kf6 34. Re1 Rf7 35. Qh4+ Kg7 36. Qh6+ 1-0

[Event "V Weekend Vittorio Alfieri A"]
[Site "Asti ITA"]
[Date "2010.04.17"]
[Round "3"]
[White "Bisi, Samuele"]
[Black "Manni, Stefano"]
[Result "0-1"]
[WhiteElo "1786"]
[BlackElo "1961"]
[PlyCount "78"]
[EventDate "2010.04.16"]

1. d4 d5 2. Nf3 Nf6 3. c4 c6 4. Nc3 dxc4 5. e4 b5 6. e5 Nd5 7. a4 e6 8. axb5
Nxc3 9. bxc3 cxb5 10. Ng5 Bb7 11. Qh5 g6 12. Qh4 h6 13. Qh3 Bg7 14. Nxe6 fxe6
15. Qxe6+ Qe7 16. Qxg6+ Qf7 17. Qd6 Bf8 18. Qf6 Qxf6 19. exf6 Nd7 20. Rb1 Bc6
21. f3 Nxf6 22. Be3 Nd5 23. Kd2 Nxe3 24. Kxe3 Be7 25. Be2 h5 26. Bd1 a5 27. Bc2
Rg8 28. Kf2 b4 29. cxb4 axb4 30. Rhc1 Ra2 31. Kf1 Bg5 32. Re1+ Kf8 33. Bh7 Rg7
34. Be4 Bxe4 35. Rxe4 c3 36. Rxb4 c2 37. Rb8+ Kf7 38. Rb7+ Kg8 39. Re8+ Kh7 0-1

[Event "V Weekend Vittorio Alfieri A"]
[Site "Asti ITA"]
[Date "2010.04.17"]
[Round "3"]
[White "Carfagna, Alex"]
[Black "Ronzano, Luca"]
[Result "1/2-1/2"]
[WhiteElo "1783"]
[BlackElo "1995"]
[PlyCount "36"]
[EventDate "2010.04.16"]

1. e4 e5 2. Nf3 d5 3. exd5 Bd6 4. Nc3 f5 5. d3 Nf6 6. Bg5 O-O 7. Qd2 a6 8.
O-O-O b5 9. Bxf6 Qxf6 10. d4 e4 11. Ne5 Bb7 12. a3 Bxe5 13. dxe5 Qxe5 14. Qd4
Nd7 15. Qxe5 Nxe5 16. Rd2 Rad8 17. Be2 Rd6 18. Rhd1 Rfd8 1/2-1/2

[Event "V Weekend Vittorio Alfieri A"]
[Site "Asti ITA"]
[Date "2010.04.17"]
[Round "3"]
[White "Damia, Angelo"]
[Black "Salvador, Roland"]
[Result "0-1"]
[WhiteElo "2284"]
[BlackElo "2483"]
[PlyCount "82"]
[EventDate "2010.04.16"]

1. f4 Nf6 2. Nf3 c5 3. e3 b6 4. b3 Bb7 5. Bb2 e6 6. Nc3 h6 7. Bd3 Nc6 8. Qe2
Nb4 9. O-O a6 10. a3 Nxd3 11. Qxd3 Qc7 12. Rac1 Be7 13. Qe2 g5 14. Ne5 Rg8 15.
Rf2 gxf4 16. exf4 d6 17. Nxf7 Kxf7 18. Re1 Qd7 19. Na4 Rae8 20. Nxb6 Qc6 21.
Qxe6+ Kf8 22. Nd7+ Qxd7 23. Bxf6 Qxe6 24. Rxe6 Kf7 25. Rxe7+ Rxe7 26. Bxe7 Kxe7
27. g3 Kf6 28. Re2 a5 29. Kf2 a4 30. bxa4 Ra8 31. g4 Rxa4 32. Kg3 Rxa3+ 33. c3
Ra1 34. f5 Rg1+ 35. Kh4 Bd5 36. Kh5 Bc4 37. Re3 Bf7+ 38. Kh4 Rg2 39. Rd3 Ke5
40. h3 d5 41. Re3+ Kf6 0-1

[Event "V Weekend Vittorio Alfieri A"]
[Site "Asti ITA"]
[Date "2010.04.17"]
[Round "3"]
[White "Del Noce, Roberto"]
[Black "De Francisci, Luigi"]
[Result "1-0"]
[WhiteElo "1851"]
[BlackElo "1914"]
[PlyCount "47"]
[EventDate "2010.04.16"]

1. e4 g6 2. f4 Bg7 3. Nf3 d6 4. Bc4 e6 5. O-O a6 6. a4 b6 7. d3 Ne7 8. Nc3 O-O
9. g4 d5 10. Bb3 dxe4 11. Nxe4 Nbc6 12. c3 Bb7 13. Qe2 Nd5 14. Bd2 Qe7 15. Rae1
Rae8 16. Qg2 Qd7 17. d4 Nf6 18. Nf2 b5 19. Qh3 h5 20. Re2 hxg4 21. Nxg4 Nxg4
22. Qxg4 Na5 23. Bc2 Bxf3 24. Rxf3 1-0

[Event "V Weekend Vittorio Alfieri A"]
[Site "Asti ITA"]
[Date "2010.04.17"]
[Round "3"]
[White "Forno, Roberto"]
[Black "Battistelli, Alessandro"]
[Result "1-0"]
[WhiteElo "1923"]
[BlackElo "1930"]
[PlyCount "75"]
[EventDate "2010.04.16"]

1. d4 Nf6 2. Bg5 Ne4 3. Bf4 e6 4. Nf3 b6 5. e3 Bb7 6. Bd3 f5 7. O-O Bd6 8. Ne5
O-O 9. f3 Nf6 10. c4 Nh5 11. Nc3 Nxf4 12. exf4 Nc6 13. Bc2 Be7 14. Kh1 Bf6 15.
Nxc6 Bxc6 16. d5 Bb7 17. Qd3 c5 18. Rad1 a6 19. g4 Bd4 20. Rd2 Qc7 21. Ne2 Bxb2
22. gxf5 exf5 23. Ng3 g6 24. Rg2 Bg7 25. Ne2 b5 26. Rfg1 bxc4 27. Qxc4 d6 28.
h4 Rf6 29. Nd4 Qf7 30. Ne6 Re8 31. Bb3 Qe7 32. Qd3 Rxe6 33. dxe6 Qxh4+ 34. Rh2
Qxf4 35. Bd5 Be5 36. Rh3 Bxd5 37. Qxd5 Re7 38. Rxg6+ 1-0

[Event "V Weekend Vittorio Alfieri A"]
[Site "Asti ITA"]
[Date "2010.04.17"]
[Round "3"]
[White "Fossati, Remigio"]
[Black "Venturino, Marco"]
[Result "1/2-1/2"]
[WhiteElo "2201"]
[BlackElo "2139"]
[PlyCount "41"]
[EventDate "2010.04.16"]

1. e4 c5 2. c3 Nf6 3. e5 Nd5 4. Nf3 e6 5. d4 cxd4 6. cxd4 b6 7. a3 Be7 8. Bd3
Ba6 9. Bxa6 Nxa6 10. Qe2 Nac7 11. h4 Qc8 12. Nc3 Qa6 13. Qxa6 Nxa6 14. Nxd5
exd5 15. Bg5 h6 16. Bxe7 Kxe7 17. Rc1 Rac8 18. Kd2 Rc6 19. Rc3 Rxc3 20. Kxc3
Rc8+ 21. Kd2 1/2-1/2

[Event "V Weekend Vittorio Alfieri A"]
[Site "Asti ITA"]
[Date "2010.04.17"]
[Round "3"]
[White "Gamba, Ezio"]
[Black "Almonti, Alessandro"]
[Result "0-1"]
[WhiteElo "1868"]
[BlackElo "2038"]
[PlyCount "50"]
[EventDate "2010.04.16"]

1. e4 b6 2. d4 e6 3. Nf3 Bb7 4. Bd3 c5 5. c3 Nf6 6. Qe2 Be7 7. O-O Nc6 8. Rd1
cxd4 9. Bf4 O-O 10. cxd4 Nb4 11. Nc3 Nxd3 12. Qxd3 d6 13. Rac1 a6 14. e5 Nd5
15. Nxd5 Bxd5 16. exd6 Bxd6 17. Ng5 g6 18. Qh3 h5 19. Bxd6 Qxd6 20. Rc3 Rac8
21. Ra3 b5 22. g4 Qf4 23. Qh4 Rc1 24. Rad3 Rxd1+ 25. Rxd1 f6 0-1

[Event "V Weekend Vittorio Alfieri A"]
[Site "Asti ITA"]
[Date "2010.04.17"]
[Round "3"]
[White "Gastaldello, Lorenzo"]
[Black "Piantadosi, Angelo"]
[Result "0-1"]
[WhiteElo "1857"]
[BlackElo "1966"]
[PlyCount "114"]
[EventDate "2010.04.16"]

1. d4 b6 2. Bf4 Bb7 3. e3 e6 4. Nf3 Nf6 5. Bd3 Be7 6. h3 d6 7. Nbd2 Nbd7 8. O-O
O-O 9. c3 c5 10. Qc2 h6 11. Ne4 Nxe4 12. Bxe4 Bxe4 13. Qxe4 Nf6 14. Qd3 Rc8 15.
Rad1 cxd4 16. exd4 Nh5 17. Bh2 f5 18. Qe2 Qd7 19. Nh4 Bxh4 20. Qxh5 Bf6 21.
Rfe1 Rcd8 22. Rd3 Qf7 23. Qe2 e5 24. dxe5 dxe5 25. Bxe5 Rxd3 26. Qxd3 Re8 27.
Qb5 a6 28. Qxb6 Bxe5 29. Kh1 Bf4 30. Rxe8+ Qxe8 31. g3 Bc1 32. b3 Bb2 33. Qxa6
Qe4+ 34. Kg1 Qe1+ 35. Kg2 Qe4+ 36. Kg1 Qf3 37. c4 Bd4 38. Qe6+ Kh7 39. Qe1
Qxg3+ 40. Kf1 Qxh3+ 41. Ke2 Qg4+ 42. Kd3 Qf4 43. f3 Bc5 44. Qe2 Qd4+ 45. Kc2
Bb4 46. Kb1 Ba3 47. Kc2 Qb2+ 48. Kd3 Qxe2+ 49. Kxe2 g5 50. Kf2 Kg6 51. Kg3 f4+
52. Kg2 Kf5 53. Kh3 h5 54. Kg2 g4 55. Kf2 Ke5 56. Ke2 Kd4 57. Kf2 g3+ 0-1